Normal view
MARC view
Entry Corporate Name
001 - CONTROL NUMBER
- control field: 8948
003 - CONTROL NUMBER IDENTIFIER
- control field: ARRUPE
005 - DATE AND TIME OF LATEST TRANSACTION
- control field: 20140225171152.0
008 - FIXED-LENGTH DATA ELEMENTS
- fixed length control field: 140225|| aca||aabn | a|a d
040 ## - CATALOGING SOURCE
- Original cataloging agency: ARRUPE
- Transcribing agency: ARRUPE
110 ## - HEADING--CORPORATE NAME
- Corporate name or jurisdiction name as entry element: East Africa and Rhodesia.
670 ## - SOURCE DATA FOUND
- Source citation: Work cat.: (ARRUPE)0: Joelson, F. S. (Ferdinand Stephen), 1893-, editor. 8945, Rhodesia and East Africa;, 1958.